000 00301nam a2200121Ia 4500
008 190216s9999||||xx |||||||||||||| ||und||
100 _aLillian Goleniewski
245 0 _aTelecommunications Essentials
260 _bPearson Education International
300 _a865
650 _aPhysics
942 _cBK
999 _c34188
_d34188